NES oder SNES Game? - Statistiken

Allgemein
  • Dieses Quiz wurde 36 mal gespielt
  • Das Durchschnittsergebnis liegt bei 8 aus 14
Antwortstatistiken
Frage Antwort % Korrekt
Super Mario Bros. NES
100%
Super Mario World SNES
78%
The Legend of Zelda NES
67%
Crystalis NES
67%
Adventures of Lovo NES
67%
X-Men SNES
67%
Super James Pond SNES
67%
Super Adventure Island SNES
67%
Super Mario Kart SNES
56%
Taz-Mania SNES
56%
Metroid NES
44%
Mega Man 2 NES
22%
Tetris SNES
22%
Tetris SNES
11%
Keine übereinstimmenden Quizze gefunden
Verteilung der Resultate
Anzahl Personen mit jedem Resultat
Perzentil nach korrekt beantworteten Fragen
Ihre Resultats-Entwicklung
Sie haben dieses Quiz noch nicht gespielt